| 000 | 00000nam 2200000za 4500 |
| 001 | 9.646325 |
| 003 | CaOODSP |
| 005 | 20200514165813 |
| 007 | ta |
| 008 | 150407|1996||||xxc||||| f|0| 0 eng d |
| 020 | |a0-660-16626-7 |
| 040 | |aCaOODSP|beng |
| 043 | |an-cn--- |
| 086 | 1 |aNH15-148/1996E |
| 110 | 2 |aCanada Mortgage and Housing Corporation. |
| 245 | 10|aMigration and mobility of Canada's aboriginal population / |cby Stewart Clatworthy. Issued jointly by the Royal Commission on Aboriginal Peoples. |
| 260 | |aOttawa - Ontario : |bCanada Mortgage and Housing Corporation |c1996. |
| 300 | |axii, 36p. : |bfigs., graphs, references, tables ; |c28 cm. |
| 500 | |a"This study explores various dimensions of the migration, residential mobility and housing consumption patterns of Canada's Aboriginal population."--Purpose. |
| 520 | 3 |aThis study explores various dimensions of the migration, residential mobility and housing consumption patterns of Canada's Aboriginal population.--Purpose |
| 563 | |aSoftcover |
| 590 | |a97-22|b1997-05-30 |
| 690 | 07|aHousing|2gcpds |
| 690 | 07|aIndigenous peoples|2gcpds |
| 720 | 1 |aClatworthy, Stewart |
| 775 | 08|tMigration et mobilité de la population autochtone du Canada / |w(CaOODSP)9.679882 |
| 776 | 0#|tMigration and mobility of Canada's aboriginal population |w(CaOODSP)9.846716 |
| 986 | |aPE 0203 |